书目信息 |
| 题名: |
毛泽东评说中国历史
|
|
| 作者: | 赵以武 主编 | |
| 分册: | ||
| 出版信息: | 广州 广东人民出版社 2000.03 |
|
| 页数: | 529页 | |
| 开本: | 32开 | |
| 丛书名: | ||
| 单 册: | ||
| 中图分类: | A841.692 | |
| 科图分类: | ||
| 主题词: | 毛泽东著作--学习 , 毛泽东著作研究 | |
| 电子资源: | ||
| ISBN: | 7-218-03307-5 | |
| 000 | 00608nam0 2200205 45 | |
| 001 | 0010280953 | |
| 005 | 20001028093613.4 | |
| 010 | @a7-218-03307-5@d33.80元 | |
| 100 | @a20001028d2000 km y0chiy0120 ea | |
| 101 | 0 | @achi |
| 105 | @a z 000yy | |
| 200 | 1 | @a毛泽东评说中国历史@AMao Ze Dong Ping Shuo Zhong Guo Li Shi@f赵以武主编@FZhao Yi Wu Zhu Bian |
| 210 | @a广州@c广东人民出版社@d2000.03 | |
| 215 | @a529页@d32开 | |
| 606 | 0 | @a毛泽东著作@x学习 |
| 606 | 0 | @a毛泽东著作研究 |
| 690 | @aA841.692@v3 | |
| 701 | 0 | @a赵以武@4主编 |
| 801 | @aCN@bPftUser@c20001028 | |
| 905 | @b193839-841@dA841.692@eZH877@f3 | |
| 毛泽东评说中国历史/赵以武主编.-广州:广东人民出版社,2000.03 |
| 529页;32开 |
| ISBN 7-218-03307-5:33.80元 |
| ● |
| 相关链接 |
|
|
|
正题名:毛泽东评说中国历史
索取号:A841.692/ZH877
 
预约/预借
| 序号 | 登录号 | 条形码 | 馆藏地/架位号 | 状态 | 备注 |
| 1 | 193839 | 201938396 | 社科库509/509社科库 5排2列6层/ [索取号:A841.692/ZH877] | 在馆 | |
| 2 | 193840 | 201938403 | 社科库509/509社科库 5排2列6层/ [索取号:A841.692/ZH877] | 在馆 | |
| 3 | 193841 | 201938412 | 社科库509/509社科库 5排2列6层/ [索取号:A841.692/ZH877] | 在馆 |